|
|
|
|
| LEADER |
00997aam a22003738a 4500 |
| 001 |
00036039 |
| 005 |
20171026081025.0 |
| 008 |
170113s2004 ||||||Viesd |
| 020 |
# |
# |
|c 30000
|
| 041 |
0 |
# |
|a Vie
|
| 082 |
1 |
4 |
|a 843
|b NG558Đ
|
| 100 |
1 |
# |
|a Smone, De Beauvoir
|
| 245 |
1 |
0 |
|a Người đàn bà bị hủy diệt
|
| 250 |
# |
# |
|a Tái bản lần thứ tư
|
| 260 |
# |
# |
|a Hà Nội
|b Hà Nội
|c 2004
|
| 300 |
# |
# |
|a 298tr.
|c 19cm.
|b Minh họa
|
| 653 |
# |
# |
|a Truyện ngắn
|
| 653 |
# |
# |
|a Văn học hiện đại
|
| 653 |
# |
# |
|a Việt Nam
|
| 700 |
1 |
# |
|a Huy Anh
|e Dịch
|
| 700 |
1 |
# |
|a Smone De Beauvoir
|
| 700 |
1 |
# |
|a Trần Thanh Tâm
|e Dịch
|
| 700 |
1 |
# |
|a Việt Dũng
|e Dịch
|
| 852 |
# |
# |
|j KD.0017281
|
| 852 |
# |
# |
|b Kho đọc
|j KD.0017281
|
| 910 |
|
|
|d 13/01/2017
|
| 980 |
# |
# |
|a Trung tâm Học liệu Lê Vũ Hùng, Trường Đại học Đồng Tháp
|